| 000 | 00348nam a2200145Ia 4500 | ||
|---|---|---|---|
| 005 | 20251222143149.0 | ||
| 008 | 251222s9999||||xx |||||||||||||| ||spa|| | ||
| 020 | _a9786120010341 | ||
| 082 | _a861/C28 | ||
| 100 | _aCarcelén, Juan Pedro | ||
| 245 | 0 | _aFiesta de Disfraces | |
| 250 | _a1ra.ed. | ||
| 264 | _bPida Impresiones, S.A. | ||
| 942 | _cLIB | ||
| 999 |
_c12600 _d12600 |
||